UBT Library

World history, visions, voices, views. (Record no. 42855)

000 -LEADER
fixed length control field 00715cgm a22002295a 4500
001 - CONTROL NUMBER
control field 12338947
005 - DATE AND TIME OF LATEST TRANSACTION
control field 20180216100059.0
007 - PHYSICAL DESCRIPTION FIXED FIELD--GENERAL INFORMATION
fixed length control field v| ||||||
008 - FIXED-LENGTH DATA ELEMENTS--GENERAL INFORMATION
fixed length control field 010308s2000 xx --- vlund
010 ## - LIBRARY OF CONGRESS CONTROL NUMBER
LC control number 2001638252
040 ## - CATALOGING SOURCE
Original cataloging agency DLC
Transcribing agency DLC
Description conventions amim
Modifying agency DLC
041 ## - LANGUAGE CODE
Language code of text/sound track or separate title eng
080 ## - UNIVERSAL DECIMAL CLASSIFICATION NUMBER
Universal Decimal Classification number 94 eli
082 ## - DEWEY DECIMAL CLASSIFICATION NUMBER
Edition number 94 eli
100 ## - Rafti
Rafti 16
101 ## - Shkurtesa
Shkurtesa his
245 00 - TITLE STATEMENT
Title World history, visions, voices, views.
Name of part/section of a work Early civilization /
Statement of responsibility, etc Prentice Hall Social Studies and WGBH presents.
246 30 - VARYING FORM OF TITLE
Title proper/short title Early civilization
246 1# - VARYING FORM OF TITLE
Display text Title on descriptive material:
Title proper/short title Prentice Hall World History--Connections to Today--Visions Voices Views
906 ## - LOCAL DATA ELEMENT F, LDF (RLIN)
a 0
b cbc
c origcop
d u
e ncip
f 20
g y-movingim
942 ## - ADDED ENTRY ELEMENTS (KOHA)
Source of classification or shelving scheme
Item type Books
Holdings
Withdrawn status Lost status Source of classification or shelving scheme Damaged status Not for loan Collection code Permanent location Current location Shelving location Date acquired Total Checkouts Full call number Barcode Date last seen Price effective from Koha item type
          Koleksioni i përgjithshem UBT - Lipjan UBT - Lipjan Koleksioni i përgjithshem 02/16/2018   94 eli 002-2998365 02/16/2018 02/16/2018 Books
UBT Library © 2015-2024. All rights reserved University Education for Business and Technology